|
|
|
|
| LEADER |
00000naa2a2200000 4500 |
| 001 |
583324 |
| 005 |
20231101130958.0 |
| 035 |
|
|
|a (RuTPU)RU\TPU\prd\284160
|
| 035 |
|
|
|a RU\TPU\tpu\2028
|
| 090 |
|
|
|a 583324
|
| 100 |
|
|
|a 20190412a1964 k y0rusy50 ca
|
| 101 |
0 |
|
|a rus
|
| 102 |
|
|
|a RU
|
| 200 |
1 |
|
|a Упрощенный метод определения параметров пласта
|f Б. А. Богачев
|
| 461 |
|
|
|0 (RuTPU)RU\TPU\prd\783
|t Известия вузов. Нефть и газ
|d 1958-1992
|
| 463 |
|
|
|0 (RuTPU)RU\TPU\prd\118910
|t № 3
|v С. 98-106
|d 1964
|
| 610 |
1 |
|
|a геолого-географические науки
|
| 610 |
1 |
|
|a труды учёных ТПУ
|
| 700 |
|
1 |
|a Богачев
|b Б. А.
|
| 801 |
|
0 |
|a RU
|b 63413507
|c 20011210
|g PSBO
|
| 801 |
|
2 |
|a RU
|b 63413507
|c 20190412
|g PSBO
|
| 942 |
|
|
|c BK
|